000 00403nam a2200157Ia 4500
003 GCL
008 140319s9999 xx 000 0 eng d
040 _aGCL /
_cGCL
082 0 4 _a709.024
_bS A
100 1 _aSUREDA, JOHN
245 1 0 _aL'ART DE LA RENAISSANCE /
_cSUREDA, JOHN
260 _a[S.N] :
_bLAROUSSE ،
_c1991
650 0 4 _aRENAISSANCE ART
650 0 4 _aRENAISSANCE PERIOD
942 _2ddc
_cBK
999 _c25535
_d25535